Report of the ICES Advisory Committee on Marine Pollution, 1978.

Bibliographic Details
Corporate Author: ICES Advisory Committee on Marine Pollution
Format: Book
Language:English
Published: Charlottenlund, Denmark : International Council for the Exploration of the Sea, 1979.
Series:Cooperative research report ; no. 84.
Subjects:

MARC

Tag First Indicator Second Indicator Subfields
LEADER 00000cam a2200000 a 4500
001 in00000782012
005 20151017054407.0
008 820611s1979 dk i00010 eng d
035 |a (OCoLC)08513887 
035 |9 ADL8482AM 
040 |a CUT  |c CUT  |d TXA  |d UtOrBLW 
049 1 |a TXA2 
090 |a GC1  |b .I627 no. 84 
110 2 |a ICES Advisory Committee on Marine Pollution. 
245 1 0 |a Report of the ICES Advisory Committee on Marine Pollution, 1978. 
264 1 |a Charlottenlund, Denmark :  |b International Council for the Exploration of the Sea,  |c 1979. 
300 |a 26 pages ;  |c 30 cm. 
336 |a text  |b txt  |2 rdacontent 
337 |a unmediated  |b n  |2 rdamedia 
338 |a volume  |b nc  |2 rdacarrier 
490 1 |a Cooperative research report ;  |v no. 84 
500 |a "January, 1979." 
650 0 |a Marine pollution. 
830 0 |a Cooperative research report ;  |v no. 84. 
999 |a MARS 
999 f f |s b532b633-3e71-3505-b9ce-24d6b1b59208  |i f6980271-6ec2-3868-bb02-0c84e84a2b8d  |t 0 
952 f f |p ric  |a Texas A&M University  |b Rellis Campus  |c Joint Library Facility  |d Remote Storage  |t 0  |e GC1 .I627 no. 84  |h Library of Congress classification  |i unmediated -- volume  |m A14811455867 
998 f f |a GC1 .I627 no. 84  |t 0  |l Remote Storage